skbl

Dr Suryya Kumar Bhuyan Library Web-OPAC
ডঃ সূৰ্য্য
কুমাৰ ভূঞা পুথিভঁৰাল ৱেব-অ'পেক

All Research Scholars are advised to clear the annual library fees to continue using Library Resources, Remote Access, Plagiarism Test and Library Clearance.

Cotton University Book Fair 2026

Chanda O Alankar / (Record no. 35751)

MARC details
000 -LEADER
fixed length control field 00774nam a2200313Ia 4500
001 - CONTROL NUMBER
control field 35769
005 - DATE AND TIME OF LATEST TRANSACTION
control field 20240114001829.0
007 - PHYSICAL DESCRIPTION FIXED FIELD--GENERAL INFORMATION
fixed length control field ta
008 - FIXED-LENGTH DATA ELEMENTS--GENERAL INFORMATION
fixed length control field 070329s g b000 u 346 u
040 ## - CATALOGING SOURCE
Original cataloging agency Cotton College,Assam
041 ## - LANGUAGE CODE
Language code of text/sound track or separate title 346
082 ## - DEWEY DECIMAL CLASSIFICATION NUMBER
Classification number 491.44
Item number C 392 C
100 ## - MAIN ENTRY--PERSONAL NAME
Personal name Chakravarty, Ajay Kumar.
245 #0 - TITLE STATEMENT
Title Chanda O Alankar /
Statement of responsibility, etc. Ajay Kumar Chakravarty.
Medium Textual Documents
250 ## - EDITION STATEMENT
Edition statement 1st ed. /
260 ## - PUBLICATION, DISTRIBUTION, ETC.
Place of publication, distribution, etc. Calcutta :
Name of publisher, distributor, etc. Eastern Book House ,
Date of publication, distribution, etc. Nd.
300 ## - PHYSICAL DESCRIPTION
Extent 207p. ;
Dimensions 20cm.
653 ## - INDEX TERM--UNCONTROLLED
Uncontrolled term Bengali Language
653 ## - INDEX TERM--UNCONTROLLED
Uncontrolled term G-Languages
653 ## - INDEX TERM--UNCONTROLLED
Uncontrolled term T/G-Languages
942 ## - ADDED ENTRY ELEMENTS (KOHA)
Source of classification or shelving scheme Dewey Decimal Classification
Koha item type Books
Holdings
Withdrawn status Lost status Damaged status Not for loan Collection Home library Current library Date acquired Coded location qualifier Total checkouts Full call number Barcode Date last seen Copy number Price effective from Koha item type
          Dr. Suryya Kumar Bhuyan Library Dr. Suryya Kumar Bhuyan Library 01/02/2012 00000   491.44 C 392 C 71308 14/01/2024 6 01/02/2012 Books
          Dr. Suryya Kumar Bhuyan Library Dr. Suryya Kumar Bhuyan Library 01/02/2012 00000   491.44 C 392 C 56955 14/01/2024 2 01/02/2012 Books
          Dr. Suryya Kumar Bhuyan Library Dr. Suryya Kumar Bhuyan Library 01/02/2012 00000   491.44 C 392 C 56956 14/01/2024 5 01/02/2012 Books
          Dr. Suryya Kumar Bhuyan Library Dr. Suryya Kumar Bhuyan Library 01/02/2012 00000   491.44 C 392 C 56957 14/01/2024 3 01/02/2012 Books
          Dr. Suryya Kumar Bhuyan Library Dr. Suryya Kumar Bhuyan Library 01/02/2012 00000   491.44 C 392 C 60994 14/01/2024 1 01/02/2012 Books
          Dr. Suryya Kumar Bhuyan Library Dr. Suryya Kumar Bhuyan Library 01/02/2012 00000   491.44 C 392 C 60995 14/01/2024 4 01/02/2012 Books

Designed and Maintained by Team SKBL
©1901-2026

Powered by Koha